Exclusion and limitation clauses: latest developments (Record no. 72450)
[ view plain ]
| 000 -LEADER | |
|---|---|
| fixed length control field | 01466cam a2200205 4500 |
| 001 - CONTROL NUMBER | |
| control field | X121904 |
| 008 - FIXED-LENGTH DATA ELEMENTS--GENERAL INFORMATION | |
| fixed length control field | 030404n2003 000 0 eng u |
| 035 ## - SYSTEM CONTROL NUMBER | |
| System control number | (Sirsi) u121904 |
| 100 ## - MAIN ENTRY--PERSONAL NAME | |
| Personal name | Long, P. |
| 245 ## - TITLE STATEMENT | |
| Title | Exclusion and limitation clauses: latest developments |
| 260 ## - PUBLICATION, DISTRIBUTION, ETC. | |
| Date of publication, distribution, etc. | 2003 |
| 490 ## - SERIES STATEMENT | |
| Series statement | Construction Law Bulletin |
| Volume/sequential designation | March 2003, 5-7(3) |
| 520 ## - SUMMARY, ETC. | |
| Summary, etc. | Looks at points of exclusion and limitation clauses applicable to construction contracts, which were highlighted by "SAM Business Systems Limited v Hedley and Company" (TCC [2002] All ER (D) 311 Dec), a dispute which arose between a software supplier and its dissatisfied customer. Judge held that "SAM "could not claim sums for work done in order to remedy its own breaches of agreement and also failed "Hedley " counterclaim that their only remedy lay in rejecting the software under the acceptance procedures. Construction contracts are not usually concluded on the standard terms of business of one party, but they may contain exclusion clauses, especially relating to the supply and installation of plant. View judgment at www.bailii.org. |
| 650 ## - SUBJECT ADDED ENTRY--TOPICAL TERM | |
| Topical term or geographic name entry element | EXCLUSION CLAUSES |
| 650 ## - SUBJECT ADDED ENTRY--TOPICAL TERM | |
| Topical term or geographic name entry element | SAM BUSINESS SYSTEMS LTD V HEDLEY AND COMPANY |
| 650 ## - SUBJECT ADDED ENTRY--TOPICAL TERM | |
| Topical term or geographic name entry element | LIMITATION CLAUSES |
| 690 ## - LOCAL SUBJECT ADDED ENTRY--TOPICAL TERM (OCLC, RLIN) | |
| Topical term or geographic name as entry element | BUILT ENVIRONMENT-BUILDING CONTRACT FORMS |
| 856 ## - ELECTRONIC LOCATION AND ACCESS | |
| Uniform Resource Identifier | <a href="https://www.bailii.org/cgi-bin/markup.cgi?doc=/ew/cases/EWHC/TCC/2002/2733.html&query="Sam Business Systems"">https://www.bailii.org/cgi-bin/markup.cgi?doc=/ew/cases/EWHC/TCC/2002/2733.html&query="Sam Business Systems"</a> |
| Public note | View judgment at Bailii website. |
| 942 ## - ADDED ENTRY ELEMENTS (KOHA) | |
| Suppress in OPAC | 0 |
| Withdrawn status | Lost status | Source of classification or shelving scheme | Damaged status | Not for loan | Home library | Current library | Shelving location | Date acquired | Total Checkouts | Full call number | Barcode | Date last seen | Copy number | Price effective from | Koha item type |
|---|---|---|---|---|---|---|---|---|---|---|---|---|---|---|---|
| Dewey Decimal Classification | London | London | Journal article | 04/04/2003 | X121904 | 121904-1001 | 06/08/2019 | 1 | 06/08/2019 | Journal article |